000
00325nam a2200145Ia 4500
100
_a
DEB/S.R./ DEB/S.
650
_a
PRODUCTION
942
_c
BK
366
_f
20
245
_a
ROBOTICS TECH. AND FLEXIBLE AUTOMATION
260
_b
Tata McGrawhill
_a
2010
_c
2010
082
_a
629.892/DEB
300
_a
552
546
_a
ENGLISH
999
_c
24880
_d
24880